Catálogo
 En Linea

Cartagena : (Registro nro. 42820)

Detalles MARC
000 -CABECERA
campo de control de longitud fija 00597nam a2200157 a 4500
001 - NÚMERO DE CONTROL
campo de control 000043331
005 - FECHA Y HORA DE LA ÚLTIMA TRANSACCIÓN
campo de control 20201002040824.0
008 - DATOS DE LONGITUD FIJA--INFORMACIÓN GENERAL
campo de control de longitud fija 140310s1982 ag b 000 0 spa d
020 ## - NÚMERO INTERNACIONAL ESTÁNDAR DEL LIBRO
Número Internacional Estándar del Libro 8430062351
040 ## - FUENTE DE LA CATALOGACIÓN
Centro catalogador/agencia de origen DO-SdBNP
Lengua de catalogación spa
Centro/agencia transcriptor BNPHU
100 1# - ENTRADA PRINCIPAL--NOMBRE DE PERSONA
Nombre de persona García del Toro, Javier R.
9 (RLIN) 70969
245 10 - MENCIÓN DE TÍTULO
Título Cartagena :
Resto del título Guía arqueológica /
Mención de responsabilidad, etc. Javier R. García del Toro ; prólogo Pedro A. Sanmartín Moro.
260 ## - PUBLICACIÓN, DISTRIBUCIÓN, ETC.
Lugar de publicación, distribución, etc. Cartagena :
Nombre del editor, distribuidor, etc. Secretaría de Cultura del Partido Cantonal, Departamento de Publicaciones,
Fecha de publicación, distribución, etc. 1982.
300 ## - DESCRIPCIÓN FÍSICA
Extensión 83 p. :
Otras características físicas il., mapas ;
Dimensiones 22 cm.
700 1# - PUNTO DE ACCESO ADICIONAL--NOMBRE DE PERSONA
Nombre de persona Sanmartín Moro, Pedro A.
9 (RLIN) 70970
Existencias
Estado de retiro Estado de pérdida Restricciones de uso No para préstamo Código de colección Localización permanente Ubicación/localización actual Ubicación en estantería Fecha de adquisición Número de inventario Total de préstamos Signatura topográfica completa Código de barras Fecha visto por última vez Precio válido a partir de Tipo de ítem Koha
      Excluido de préstamo Monografías: Libros y Folletos General General En catalogación 10.03.2014 LF1   43331-10 25.06.2020 25.06.2020 No se presta

Con tecnología Koha